مكتبة جامعة عجلون الوطنية

فهرس بحث المكتبة

Normal view MARC view
  • القاموس المدني -- حقوق الامتياز -- الاردن

Entry Topical Term

Number of records used in: 1

001 - CONTROL NUMBER

  • control field: 12487

003 - CONTROL NUMBER IDENTIFIER

  • control field: JO-AjAnu

005 - DATE AND TIME OF LATEST TRANSACTION

  • control field: 20230606072312.0

008 - FIXED-LENGTH DATA ELEMENTS

  • fixed length control field: 230606|| aca||aabn | a|a d

040 ## - CATALOGING SOURCE

  • Original cataloging agency: JO-AjAnu
  • Transcribing agency: JO-AjAnu

150 ## - HEADING--TOPICAL TERM

  • Topical term or geographic name entry element: القاموس المدني -- حقوق الامتياز -- الاردن

670 ## - SOURCE DATA FOUND

  • Source citation: Work cat.: (JO-AjAnu)6428: رجيب ، بيان يوسف , author 12486, شرح القانون المدني حقوق الامتياز : دراسة موازنة ( مقارنة) في قوانين الدول العربية مع فقه الشريعة الإسلامية